000 00430nam a2200157 a 4500
005 20140412111327.0
008 101229s19uu xx 00 eng d
050 _aTR(GS 418.4
_bC793 2000
100 _aTrent, Jennifer Cooper
245 _aCat on the mat /
_cJennifer Cooper Trent.
260 _aPhils :
_bMomentum Multimedia,
_c2000.
300 _aunp.
440 _aFan-tas-tic Phonics
650 _aPhonics
999 _c104741
_d104741